[Event "We start in 2009. When do we finish?"]
[Site "SchemingMind.com"]
[Date "2010.01.21"]
[Round "-"]
[White "Schaakmaatje"]
[Black "agarr"]
[Result "0-1"]
[WhiteCountry "NED"]
[BlackCountry "RUS"]
[WhiteElo "1724"]
[WhiteRD "49"]
[BlackElo "1772"]
[BlackRD "73"]
[GameID "235252"]

1. e4 e5 2. Nc3 Bc5 3. Nf3 d6 4. d4 exd4 5. Nxd4 Bxd4 6. Qxd4 Qf6 7. Be3 Nc6 8. Qxf6 Nxf6 9. f3 O-O 10. Be2 Re8
11. O-O-O Nb4 12. a3 Nc6 13. g4 Ne5 14. h4 Be6 15. h5 Bc4 16. Bxc4 Nxc4 17. Bf4 Ne5 18. g5 Nfd7 19. Rhf1 a6 20. Bg3 f6
21. Nd5 Rac8 22. gxf6 Nxf6 23. Nxf6+ gxf6 24. f4 Ng4 25. Rfe1 Kf7 26. Rd5 Re7 27. Kd2 Rce8 28. Kd3 Kg7 29. Bh4 Kf7 30. Rf5 Re6
31. Kd4 b6 32. c4 Nh2 33. Bg3 Nf3+
0-1

[Event "We start in 2009. When do we finish?"]
[Site "SchemingMind.com"]
[Date "2010.01.25"]
[Round "-"]
[White "CRIS PORTI"]
[Black "jtrochez1"]
[Result "1-0"]
[WhiteCountry "ARG"]
[BlackCountry "HON"]
[WhiteElo "1851"]
[WhiteRD "78"]
[BlackElo "1551"]
[BlackRD "51"]
[GameID "235641"]

1. e4 e5 2. Nf3 Nc6 3. Bb5 d6 4. d4 Bd7 5. Bxc6 bxc6 6. dxe5 Bg4 7. exd6 cxd6 8. h3 Bh5 9. Nc3 Nf6 10. Bg5 Be7
11. Bxf6 gxf6 12. g4 Bg6 13. Nd4 Qc7 14. Qf3 Rc8 15. O-O-O a6 16. Nf5 Rb8 17. Nxe7 Kxe7 18. Qd3 d5 19. Qxa6 Ra8 20. Qe2 Kf8
21. f4 h5 22. f5 Bh7 23. Qd2 Bg8 24. exd5 Rd8 25. d6 Qa5 26. d7 Bh7 27. Qh6+ Kg8 28. Ne4
1-0

[Event "We start in 2009. When do we finish?"]
[Site "SchemingMind.com"]
[Date "2010.01.21"]
[Round "-"]
[White "CRIS PORTI"]
[Black "agarr"]
[Result "1/2-1/2"]
[WhiteCountry "ARG"]
[BlackCountry "RUS"]
[WhiteElo "1851"]
[WhiteRD "78"]
[BlackElo "1772"]
[BlackRD "73"]
[GameID "235642"]

1. e4 e5 2. Nf3 Nc6 3. d4 exd4 4. c3 dxc3 5. Bc4 Nf6 6. Nxc3 h6 7. Qb3 Qe7 8. O-O Na5 9. Qa4 Nxc4 10. Qxc4 c6
11. e5 Nh7 12. Ne4 d5 13. exd6 Qe6 14. Qd3 Qd5 15. Qxd5 cxd5 16. Nc3 Bxd6 17. Nxd5 O-O 18. h3 Be6 19. Rd1 Rfd8 20. Nc3 Nf6
21. Be3 b6 22. Nb5 Be7 23. Nc7 Rac8 24. Nxe6 fxe6 25. Nd4 e5 26. Nf5 Kf7 27. Rxd8 Rxd8 28. Rc1 Nd5 29. Nxe7 Nxe7 30. Rc7 Ra8
31. f4 exf4 32. Bxf4 Ke6 33. Bd2 Rd8 34. Bb4 Rd7 35. Rxd7 Kxd7 36. Bxe7 Kxe7 37. Kf2 h5 38. Kf3 g5 39. g4 h4 40. Ke4 Ke6
41. a3 b5 42. b3 a5 43. b4 a4 44. Kd4 Kd6 45. Ke4=
1/2-1/2

[Event "We start in 2009. When do we finish?"]
[Site "SchemingMind.com"]
[Date "2010.01.24"]
[Round "-"]
[White "CRIS PORTI"]
[Black "Lazaro"]
[Result "1/2-1/2"]
[WhiteCountry "ARG"]
[BlackCountry "CUB"]
[WhiteElo "1809"]
[WhiteRD "77"]
[BlackElo "1767"]
[BlackRD "80"]
[GameID "235644"]

1. e4 c5 2. Nf3 Nc6 3. d4 cxd4 4. Nxd4 Nf6 5. Nxc6 dxc6 6. Nc3 Qxd1+ 7. Kxd1 e5 8. Bd3 Bc5 9. f3 b5 10. Ke2 Be6
11. Be3 Bxe3 12. Kxe3 O-O-O= 13. a3 Kc7 14. Rhd1 a5 15. b3 Rd4 16. Ne2 Rd6 17. h3 g5 18. g4 h5 19. Ng3 hxg4 20. hxg4 Rh3
21. Rg1 Rd8 22. Bf1 Rh4 23. Bg2=
1/2-1/2

[Event "We start in 2009. When do we finish?"]
[Site "SchemingMind.com"]
[Date "2010.01.21"]
[Round "-"]
[White "CRIS PORTI"]
[Black "Archon"]
[Result "0-1"]
[WhiteCountry "ARG"]
[BlackCountry "CAN"]
[WhiteElo "1766"]
[WhiteRD "81"]
[BlackElo "1659"]
[BlackRD "61"]
[GameID "235645"]

1. e4 d6 2. d4 Nf6 3. Nc3 g6 4. f4 Bg7 5. Nf3 O-O 6. Bd3 Na6 7. a3 c5 8. Bxa6 cxd4 9. Nxd4 bxa6 10. h3 Rb8
11. Nc6 Qc7 12. Nxb8 Qxb8 13. O-O Qb6+ 14. Kh2 Bb7 15. Re1 Rc8 16. Nd5 Nxd5 17. exd5 Rc7 18. Rb1 Qc5 19. Be3 Qxc2 20. Bd4 Bxd5
21. Re2 Qxd1 22. Rxd1 Be6 23. Bxg7 Kxg7 24. Rd4 Rb7 25. b4 a5 26. Rc2 axb4 27. Rxb4 Rd7 28. Rcb2 Kf6 29. Rb7 Rxb7 30. Rxb7 a6
31. Rc7 Bf5 32. Rc6 Bd3 33. g4 h6 34. Kg3 Ke6 35. Rc7 f5 36. gxf5+ Bxf5 37. h4 h5 38. a4 Bd3 39. a5 Bb5 40. Kf3 d5
41. Rb7 Bc4 42. Ke3 Kf6 43. Kd4 e6 44. Kc5 Bd3 45. Kb6 e5 46. fxe5+ Kxe5 47. Ra7 d4 48. Kc5 Bb5 49. Re7+ Kf6 50. Re1 d3
51. Rf1+ Ke5 52. Rf8 Ke4 53. Rd8 Ke3 54. Rd6 d2 55. Re6+ Kf2 56. Rd6 Ke1 57. Re6+ Kd1
0-1

[Event "We start in 2009. When do we finish?"]
[Site "SchemingMind.com"]
[Date "2010.01.21"]
[Round "-"]
[White "CRIS PORTI"]
[Black "kwabena"]
[Result "1-0"]
[WhiteCountry "ARG"]
[BlackCountry "ENG"]
[WhiteElo "1843"]
[WhiteRD "77"]
[BlackElo "1556"]
[BlackRD "73"]
[GameID "235646"]

1. e4 d5 2. exd5 Qxd5 3. Nc3 Qa5 4. d4 e6 5. Bd2 Qb6 6. Nf3 Nf6 7. b3 c5 8. Na4 Qc7 9. dxc5 Na6 10. Bxa6 bxa6
11. b4 Be7 12. c4 O-O 13. Qe2 a5 14. b5 Bxc5 15. Nxc5 Qxc5 16. Bxa5 Bb7 17. a3 Bxf3 18. gxf3 Rfc8 19. Bc3 Nh5 20. Rc1 Nf4
21. Qd2 Qxc4 22. Rc2 Ng2+ 23. Kd1 Qxb5 24. Kc1 g6 25. Qd4 Qg5+ 26. Kb2 Rab8+ 27. Ka1 Rxc3 28. Rxc3 Qf5 29. Rhc1 h5 30. Rc8+ Rxc8
31. Rxc8+ Kh7 32. Qh8#
1-0

[Event "We start in 2009. When do we finish?"]
[Site "SchemingMind.com"]
[Date "2010.01.25"]
[Round "-"]
[White "CRIS PORTI"]
[Black "Schaakmaatje"]
[Result "0-1"]
[WhiteCountry "ARG"]
[BlackCountry "NED"]
[WhiteElo "1844"]
[WhiteRD "81"]
[BlackElo "1762"]
[BlackRD "46"]
[GameID "235647"]

1. e4 e5 2. Nf3 Nc6 3. Bb5 a6 4. Ba4 Nf6 5. O-O b5 6. Bb3 Be7 7. Re1 O-O 8. c3 d6 9. d4 Bg4 10. d5 Na5
11. Bc2 c5 12. Bg5 h6 13. Bxf6 Bxf6 14. Nbd2 Bg5 15. h3 Bh5 16. g4 Bg6 17. a4 Bf4 18. axb5 axb5 19. Kg2 c4 20. Nf1 Nb7
21. Ng3 Nc5 22. b4 cxb3 23. Bxb3 Rxa1 24. Qxa1 Nxb3 25. Qb2 Nc5 26. Qxb5 Qb8 27. Qe2 Qb3 28. c4 Bxg3 29. Nd2 Qd3 30. fxg3 Qxe2+
31. Rxe2 Ra8 32. Kf3 Ra3+ 33. Re3 Ra2 34. Nf1 Rc2
0-1

[Event "We start in 2009. When do we finish?"]
[Site "SchemingMind.com"]
[Date "2010.01.25"]
[Round "-"]
[White "jtrochez1"]
[Black "CRIS PORTI"]
[Result "0-1"]
[WhiteCountry "HON"]
[BlackCountry "ARG"]
[WhiteElo "1551"]
[WhiteRD "51"]
[BlackElo "1851"]
[BlackRD "78"]
[GameID "235648"]

1. e4 e5 2. Nf3 Nc6 3. Nc3 Nf6 4. d3 Bb4 5. Bd2 O-O 6. h3 d6 7. Be2 Bxc3 8. Bxc3 h6 9. Qd2 Re8 10. Nh2 d5
11. Bf3 dxe4 12. dxe4 Qxd2+ 13. Kxd2 Be6 14. Rad1 Rad8+ 15. Kc1 b6 16. Kb1 Nd4 17. Ng4 Bxg4 18. hxg4 c5 19. Bxd4 exd4 20. Rde1 Re6
21. g3 Rde8 22. Kc1 Nxe4 23. Bxe4 Rxe4 24. f3 Rxe1+
0-1

[Event "We start in 2009. When do we finish?"]
[Site "SchemingMind.com"]
[Date "2010.01.20"]
[Round "-"]
[White "agarr"]
[Black "CRIS PORTI"]
[Result "0-1"]
[WhiteCountry "RUS"]
[BlackCountry "ARG"]
[WhiteElo "1772"]
[WhiteRD "73"]
[BlackElo "1851"]
[BlackRD "78"]
[GameID "235649"]

1. e4 e5 2. Nf3 Nc6 3. Bc4 Nf6 4. Nc3 Bc5 5. d3 h6 6. O-O O-O 7. Be3 Bxe3 8. fxe3 d6 9. Nd5 Nxd5 10. exd5 Na5
11. Rf2 Nxc4 12. dxc4 Bg4 13. h3 Bxf3 14. Qxf3 f5 15. Raf1 g6 16. e4 f4 17. Qg4 Qf6 18. g3 h5 19. Qe2 Qg5 20. g4 hxg4
21. Qxg4 Qxg4+ 22. hxg4 Kg7 23. Rg2 f3 24. Rg3 Rf4 25. Rfxf3 Rxe4 26. b3 Re1+ 27. Kf2 Rc1 28. Rc3 Rf8+ 29. Rgf3 Rh8 30. c5 Rh2+
31. Kg3 Rhxc2 32. Rxc2 Rxc2 33. cxd6 cxd6 34. a4 a5 35. Rd3 Rc5 36. g5 b5 37. axb5 Rxb5 38. Kf3 Rb4 39. Kg3 e4 40. Re3 Rd4
41. Kf4 Rxd5 42. Rxe4 Rf5+ 43. Kg4 Kf7 44. Kh4 Rb5 45. Rf4+ Kg7 46. Rf3 Rb4+ 47. Kh3 d5 48. Kg3 a4 49. bxa4 Rxa4 50. Rd3 d4
51. Kf4 Kf7 52. Ke4 Ke6 53. Rxd4 Rxd4+ 54. Kxd4 Kf5 55. Ke3 Kxg5
0-1

[Event "We start in 2009. When do we finish?"]
[Site "SchemingMind.com"]
[Date "2010.01.20"]
[Round "-"]
[White "Lazaro"]
[Black "CRIS PORTI"]
[Result "1/2-1/2"]
[WhiteCountry "CUB"]
[BlackCountry "ARG"]
[WhiteElo "1767"]
[WhiteRD "80"]
[BlackElo "1809"]
[BlackRD "77"]
[GameID "235651"]

1. Nf3 d5 2. d4 c5 3. e3 Nc6 4. c3 cxd4 5. exd4 Bg4 6. Bd3 e6 7. h3 Bxf3 8. Qxf3 Qf6 9. Nd2 Qxf3 10. Nxf3 Nf6
11. O-O Bd6 12. Re1 O-O-O 13. a4= h6 14. a5 Rhe8=
1/2-1/2

[Event "We start in 2009. When do we finish?"]
[Site "SchemingMind.com"]
[Date "2010.01.21"]
[Round "-"]
[White "Archon"]
[Black "CRIS PORTI"]
[Result "1/2-1/2"]
[WhiteCountry "CAN"]
[BlackCountry "ARG"]
[WhiteElo "1664"]
[WhiteRD "61"]
[BlackElo "1843"]
[BlackRD "77"]
[GameID "235652"]

1. Nf3 d5 2. c4 c6 3. g3 Nf6 4. Bg2 dxc4 5. Qc2 g6 6. Qxc4 Bg7 7. Nc3 O-O 8. d3 Be6 9. Qh4 Nd5 10. Nxd5 cxd5
11. O-O Nc6 12. Bh6 Bxh6 13. Qxh6 f6 14. Qd2 Qd6 15. Rfc1 Bg4 16. a3 Bxf3 17. Bxf3 Nd4 18. Qb4 Nxf3+ 19. exf3 Qxb4 20. axb4 e5
21. Rc7 Rf7 22. Rac1 d4 23. Kf1 b6 24. b5 h5 25. Rxf7 Kxf7 26. Rc6 Re8 27. Ke2 f5 28. Kd2 Re6 29. Rc7+ Re7 30. Rc6 Re6
31. Rc7+ Re7=
1/2-1/2

[Event "We start in 2009. When do we finish?"]
[Site "SchemingMind.com"]
[Date "2010.01.20"]
[Round "-"]
[White "kwabena"]
[Black "CRIS PORTI"]
[Result "0-1"]
[WhiteCountry "ENG"]
[BlackCountry "ARG"]
[WhiteElo "1556"]
[WhiteRD "73"]
[BlackElo "1843"]
[BlackRD "77"]
[GameID "235653"]

1. d4 Nf6 2. Bf4 d6 3. h3 Bf5 4. e3 Nbd7 5. Nf3 c5 6. c3 Qb6 7. Qd2 Ne4 8. Qe2 cxd4 9. exd4 d5 10. Nh4 Qf6
11. g3 g5 12. Nxf5 Qxf5 13. Bg2 gxf4 14. O-O fxg3 15. fxg3 Qg6 16. Bxe4 dxe4 17. Nd2 Qxg3+ 18. Qg2 Qxg2+ 19. Kxg2 Nf6 20. Rae1 O-O-O
21. Nxe4 Nxe4 22. Rxe4 Rg8+ 23. Kh2 f6 24. Rf5 Rg5 25. Rxg5 fxg5 26. Re5 h6 27. b4 Rd7 28. Kg3 Bg7 29. Rc5+ Rc7 30. Rxc7+ Kxc7
31. Kg4 e5 32. d5 e4 33. c4 h5+ 34. Kg3 Bc3 35. b5 Kd6 36. a4 Bb4 37. Kf2 Ke5 38. Ke3 Bc5+ 39. Ke2 g4 40. hxg4 hxg4
41. a5 g3 42. Kf1 Kf4 43. b6 axb6 44. d6 Bxd6 45. axb6 Kf3
0-1

[Event "We start in 2009. When do we finish?"]
[Site "SchemingMind.com"]
[Date "2010.01.25"]
[Round "-"]
[White "Schaakmaatje"]
[Black "CRIS PORTI"]
[Result "1/2-1/2"]
[WhiteCountry "NED"]
[BlackCountry "ARG"]
[WhiteElo "1724"]
[WhiteRD "49"]
[BlackElo "1851"]
[BlackRD "78"]
[GameID "235654"]

1. e4 e5 2. Nc3 Nf6 3. Bc4 d6 4. d3 Nc6 5. a3 Nd4 6. h3 c6 7. f4 exf4 8. Bxf4 Be7 9. Nf3 Nxf3+ 10. Qxf3 b5
11. e5 bxc4 12. exf6 Bxf6 13. Qxc6+ Bd7 14. Qe4+ Be6 15. Bxd6 Rc8 16. Bg3 Bxc3+ 17. bxc3 cxd3 18. Rd1 Rxc3 19. Rxd3 Rxd3 20. cxd3 O-O
21. O-O Re8 22. Qf3 Qd4+ 23. Bf2 Qc3 24. Bxa7 Qxa3 25. Bb6 Qd6 26. Qe3 Bd7 27. Qd4 Qxd4+ 28. Bxd4 Bb5 29. Rf3 Rd8 30. Bb6 Rxd3
31. Rxd3= Bxd3 32. Kf2= f5 33. Be3 h6 34. g4 Kf7 35. Kg3 g5 36. gxf5 Kf6 37. h4 Kxf5 38. hxg5 hxg5=
1/2-1/2

[Event "We start in 2009. When do we finish?"]
[Site "SchemingMind.com"]
[Date "2010.01.25"]
[Round "-"]
[White "echecs"]
[Black "jtrochez1"]
[Result "1-0"]
[WhiteCountry "ENG"]
[BlackCountry "HON"]
[WhiteElo "1812"]
[WhiteRD "65"]
[BlackElo "1551"]
[BlackRD "51"]
[GameID "235678"]

1. e4 e5 2. Nf3 Nc6 3. Bc4 d6 4. d4 Bg4 5. Qd3 exd4 6. Nxd4 Nxd4 7. Qxd4 Be6 8. Nc3 Qf6 9. Qxf6 Nxf6 10. Bd3 Be7
11. Be3 c6 12. f3 O-O 13. O-O b6 14. a3 c5 15. b3 a6 16. Ne2 b5 17. Nf4 Bd7 18. c4 bxc4 19. Bxc4 a5 20. a4 Bc8
21. Nd5 Nxd5 22. Bxd5 Rb8 23. Rab1 Bb7 24. Rfd1 Rfd8 25. Bc4 h6 26. Bd2 Bf6 27. Bxa5 Bd4+ 28. Rxd4 cxd4 29. Bxd8 Rxd8 30. Rd1 d5
31. exd5 Re8 32. Rxd4 Kh8 33. d6 Bc6 34. Bb5 Bxb5 35. axb5 Kg8 36. b6 Kf8 37. b7 Rb8 38. d7
1-0

[Event "We start in 2009. When do we finish?"]
[Site "SchemingMind.com"]
[Date "2010.01.20"]
[Round "-"]
[White "echecs"]
[Black "agarr"]
[Result "0-1"]
[WhiteCountry "ENG"]
[BlackCountry "RUS"]
[WhiteElo "1748"]
[WhiteRD "64"]
[BlackElo "1712"]
[BlackRD "78"]
[GameID "235679"]

1. e4 e5 2. Nf3 Nc6 3. Bc4 Bc5 4. c3 Nf6 5. d3 O-O 6. O-O h6 7. b4 Bb6 8. b5 Na5 9. Nxe5 d6 10. Nxf7 Rxf7
11. Bxf7+ Kxf7 12. Nd2 Bg4 13. Qa4 Kg8 14. Nc4 Nxc4 15. Qxc4+ Kh7 16. a4 a5 17. Bd2 Qe7 18. d4 Qxe4 19. f3 Be6 20. fxe4 Bxc4
21. Rfe1 Re8 22. Kh1 Rxe4 23. h3 Bb3 24. Reb1 Re2 25. Rxb3 Rxd2 26. Rba3 Ne4 27. Rc1 Rd3 28. Kg1 Rxc3
0-1

[Event "We start in 2009. When do we finish?"]
[Site "SchemingMind.com"]
[Date "2010.01.20"]
[Round "-"]
[White "echecs"]
[Black "Lazaro"]
[Result "0-1"]
[WhiteCountry "ENG"]
[BlackCountry "CUB"]
[WhiteElo "1710"]
[WhiteRD "64"]
[BlackElo "1767"]
[BlackRD "80"]
[GameID "235681"]

1. e4 e5 2. Nf3 Nf6 3. Bc4 Nxe4 4. Nc3 Nc6 5. O-O Nxc3 6. dxc3 Be7 7. Qd5 O-O 8. Nxe5 Nxe5 9. Qxe5 d6 10. Qe4 c6
11. Bd3 g6 12. Bh6 Re8 13. Rae1 Be6 14. a3 Bf6 15. Qf3 Be5 16. Kh1 Qh4 17. Rxe5 dxe5 18. Be3 f5 19. Qg3 Qxg3 20. fxg3 b6
21. h4 Kg7 22. Be2 Rad8 23. b3 Bd5 24. h5 f4 25. gxf4 exf4 26. Bd4+ Kh6 27. Bd1 c5 28. Bf6 Rd6 29. Rxf4 Re1+ 30. Kh2 Rxd1
31. hxg6 Kxg6 32. Be5 Re6 33. Bb8 Re2 34. Rg4+ Kf5 35. Rg7 Rdd2 36. Kh3 Bxg2+ 37. Kh4 Rxc2 38. Bxa7 Rxc3 39. Rg5+ Kf6 40. Bxb6 Rh3+
0-1

[Event "We start in 2009. When do we finish?"]
[Site "SchemingMind.com"]
[Date "2010.01.21"]
[Round "-"]
[White "echecs"]
[Black "Archon"]
[Result "1-0"]
[WhiteCountry "ENG"]
[BlackCountry "CAN"]
[WhiteElo "1812"]
[WhiteRD "65"]
[BlackElo "1656"]
[BlackRD "60"]
[GameID "235682"]

1. e4 d6 2. d4 Nf6 3. Nc3 g6 4. e5 Nh5 5. Be2 Ng7 6. exd6 cxd6 7. Nf3 Ne6 8. Be3 Bg7 9. O-O O-O 10. Ne4 Nd7
11. c3 Nc7 12. Bc4 e5 13. Nxd6 exd4 14. Bxd4 Nf6 15. Nxf7 Rxf7 16. Bxf7+ Kxf7 17. Ng5+ Kg8 18. Re1 Bf5 19. Qb3+ Qd5 20. Re7 Qxb3
21. axb3 Nb5 22. Be5 Rf8 23. Rxb7 Bh6 24. Nxh7 Nxh7 25. Rxb5 Ra8 26. Bd4 Bc2 27. b4 a6 28. Rb6 Bd3 29. b3 Bg7 30. Bxg7 Kxg7
31. c4 Bc2 32. Ra3 Nf6 33. b5 a5 34. Ra6 Rd8 35. h3 Rd1+ 36. Kh2 Rb1 37. b6 Bxb3 38. c5 Bd5 39. R3xa5 Bc4 40. Ra7+ Kh6
41. Rc7 Bd5 42. Raa7 Ne8 43. Rc8 Nf6 44. f4 g5 45. fxg5+ Kxg5 46. Rg7+ Kf5 47. Rf8 Ke5 48. Rg5+ Kd4 49. Rxf6 Kxc5 50. h4 Kd4
51. Rd6
1-0

[Event "We start in 2009. When do we finish?"]
[Site "SchemingMind.com"]
[Date "2010.01.20"]
[Round "-"]
[White "echecs"]
[Black "kwabena"]
[Result "0-1"]
[WhiteCountry "ENG"]
[BlackCountry "ENG"]
[WhiteElo "1710"]
[WhiteRD "64"]
[BlackElo "1588"]
[BlackRD "73"]
[GameID "235683"]

1. e4 d5 2. exd5 Qxd5 3. Nc3 Qa5 4. d4 Nc6 5. Nf3 Qb6 6. a3 a6 7. Be2 e6 8. O-O Nf6 9. b4 Bd6 10. h3 h6
11. Be3 Ne7 12. d5 c5 13. Na4 Qc7 14. dxe6 Bxe6 15. Nxc5 Bd5 16. c4 Bc6 17. Re1 O-O 18. Nd4 Bxc5 19. bxc5 Rad8 20. Qc1 Ne4
21. Bd3 Nxc5 22. Bf1 Be4 23. Qc3 b6 24. f3 Bg6 25. Rad1 Rfe8 26. Rb1 Bxb1 27. Rxb1 Qe5 28. Bf2 Nf5 29. Re1 Qf6 30. Rxe8+ Rxe8
31. Qd2 Rd8 32. Qf4 Nxd4 33. Qc7 Na4 34. Qa7 a5 35. Qc7 Ne6 36. Qc6 Nc3 37. Bxb6 Rd1 38. Kf2 Qf4 39. Be3 Qf5 40. g4 Qc2+
41. Kg1 Ne2+
0-1

[Event "We start in 2009. When do we finish?"]
[Site "SchemingMind.com"]
[Date "2010.01.20"]
[Round "-"]
[White "echecs"]
[Black "CRIS PORTI"]
[Result "0-1"]
[WhiteCountry "ENG"]
[BlackCountry "ARG"]
[WhiteElo "1748"]
[WhiteRD "64"]
[BlackElo "1843"]
[BlackRD "77"]
[GameID "235685"]

1. e4 e5 2. Nf3 Nc6 3. Bc4 Nf6 4. Ng5 d5 5. exd5 Nxd5 6. Nxf7 Kxf7 7. Qf3+ Ke6 8. Nc3 Ne7 9. O-O c6 10. Re1 Kd6
11. Qe4 Ng6 12. Bxd5 Kc7 13. Bf7 Qf6 14. Bxg6 hxg6 15. Qxe5+ Qxe5 16. Rxe5 Bd6 17. Re3 Bxh2+ 18. Kf1 Bd6 19. Kg1 Bf5 20. d3 Rh2
21. g3 Rah8 22. Ne2 Bg4 23. Kf1 Rh1+ 24. Ng1 Bh3+ 25. Ke2 Rxg1 26. a3 Bg4+ 27. Kd2 Rd1+ 28. Kc3 Rhh1 29. b4 Rxc1 30. Rxc1 Rxc1
31. f3 Bxf3 32. Rxf3 Be5+ 33. d4 Bf6 34. Kb2 Rd1 35. c3 Rd2+ 36. Kb3 b5 37. a4 a6 38. axb5 axb5 39. Ka3 Kd6 40. Kb3 Rg2
41. Ka3 g5 42. Kb3 Kd5 43. Rf5+ Ke4 44. Rc5 Rxg3 45. Rxc6 Bxd4 46. Kc2 Rxc3+ 47. Rxc3 Bxc3
0-1

[Event "We start in 2009. When do we finish?"]
[Site "SchemingMind.com"]
[Date "2010.01.25"]
[Round "-"]
[White "jtrochez1"]
[Black "echecs"]
[Result "0-1"]
[WhiteCountry "HON"]
[BlackCountry "ENG"]
[WhiteElo "1589"]
[WhiteRD "51"]
[BlackElo "1818"]
[BlackRD "58"]
[GameID "235686"]

1. e4 e5 2. Nf3 Nf6 3. d3 Nc6 4. a3 Be7 5. Nc3 O-O 6. h3 d5 7. exd5 Nxd5 8. Bd2 Re8 9. Be2 Bf6 10. Ne4 Be7
11. c4 Nf6 12. Nxf6+ Bxf6 13. O-O Bf5 14. Bc3 Qd7 15. b4 Rad8 16. b5 Nb8 17. Kh2 Bxd3 18. Bxd3 Qxd3 19. Qb3 Qf5 20. Rfe1 Nd7
21. Rad1 Nc5 22. Rxd8 Rxd8 23. Qb1 e4 24. Kg1 Bxc3 25. Re3 Nd3 26. Qc2 Bf6 27. Qe2 Nf4 28. Qe1 Nd3 29. Qe2 Nxf2 30. Qxf2 exf3
31. Qxf3 Qxf3 32. Rxf3 h6 33. Kf1 Rd4 34. c5 Rd5 35. b6 cxb6 36. cxb6 a6 37. a4 Bd8 38. Rb3 a5 39. g4 Rd4 40. Ke2 Rxa4
41. Rd3 Bxb6 42. Rb3 Rb4 43. Ra3 Bd8
0-1

[Event "We start in 2009. When do we finish?"]
[Site "SchemingMind.com"]
[Date "2010.01.21"]
[Round "-"]
[White "agarr"]
[Black "echecs"]
[Result "0-1"]
[WhiteCountry "RUS"]
[BlackCountry "ENG"]
[WhiteElo "1687"]
[WhiteRD "81"]
[BlackElo "1710"]
[BlackRD "64"]
[GameID "235687"]

1. e4 e5 2. Nf3 Nf6 3. Nc3 Nc6 4. Bc4 Nxe4 5. Bxf7+ Kxf7 6. Nxe4 h6 7. O-O d5 8. Nc3 Bg4 9. h3 Bh5 10. g4 Bg6
11. Re1 e4 12. Qe2 Kg8 13. Nh2 Nd4 14. Qd1 Bd6 15. f4 Bxf4 16. Rf1 Qd6 17. Rf2 Bxh2+
0-1

[Event "We start in 2009. When do we finish?"]
[Site "SchemingMind.com"]
[Date "2010.01.21"]
[Round "-"]
[White "Lazaro"]
[Black "echecs"]
[Result "1-0"]
[WhiteCountry "CUB"]
[BlackCountry "ENG"]
[WhiteElo "1767"]
[WhiteRD "80"]
[BlackElo "1710"]
[BlackRD "64"]
[GameID "235689"]

1. Nf3 d5 2. g3 c5 3. Bg2 Nc6 4. O-O e5 5. d3 Nf6 6. Nbd2 Bg4 7. h3 Bh5 8. c4 d4 9. a3 Bd6 10. g4 Bg6
11. Nh4 Qd7 12. Qa4 O-O 13. Nxg6 fxg6 14. b4 Rf7 15. Rb1 Raf8 16. Ne4 cxb4 17. axb4 Nxe4 18. Bxe4 Nxb4 19. Rxb4 Bxb4 20. Qxb4 Kh8
21. Bd5 Rf6 22. Bg5 Rd6 23. Ra1 h6 24. Bh4 g5 25. Bg3 Re8 26. Rxa7 Ra6 27. Rxb7 Ra1+ 28. Kg2 Ra4 29. Qb3
1-0

[Event "We start in 2009. When do we finish?"]
[Site "SchemingMind.com"]
[Date "2010.01.21"]
[Round "-"]
[White "Archon"]
[Black "echecs"]
[Result "1-0"]
[WhiteCountry "CAN"]
[BlackCountry "ENG"]
[WhiteElo "1655"]
[WhiteRD "60"]
[BlackElo "1818"]
[BlackRD "58"]
[GameID "235690"]

1. Nf3 d5 2. c4 d4 3. g3 c5 4. b4 e6 5. bxc5 Bxc5 6. d3 Nc6 7. Bg2 Nge7 8. O-O O-O 9. Bb2 Rb8 10. a4 b6
11. Na3 Bb7 12. Ra2 Nb4 13. Ra1 Nf5 14. Nc2 Bxf3 15. Bxf3 e5 16. Nxb4 Bxb4 17. Be4 Nh6 18. e3 f5 19. Bd5+ Kh8 20. exd4 f4
21. dxe5 fxg3 22. hxg3 Qg5 23. Bg2 Ng4 24. Bf3 Nxe5 25. Bxe5 Qxe5 26. d4 Qf6 27. Bg2 Bc3 28. Ra3 Bxd4 29. Rf3 Qe5 30. Rxf8+ Rxf8
31. Qd2 Rd8 32. Qe1 Qxg3 33. Qe4 Qe5 34. Re1 Qc5 35. Qe2 Rf8 36. Rf1 Qf5 37. Qd2 Qf4 38. Qxf4 Rxf4 39. Bd5 a5 40. Kg2 h6
41. Kg3 g5 42. f3 Kg7 43. Re1 Bc5 44. Re6 Rd4 45. Re4 Rd1 46. Kg4 Rg1+ 47. Kf5 Ra1 48. Re8 Bf8 49. Re6 Rb1 50. Bc6 Rb3
51. Rg6+ Kh7 52. Bd5 Bg7 53. Be4 Rb4 54. Ke6 Kg8 55. Ke7 Rxa4 56. Bd5+ Kh8 57. Kf7 h5 58. Rxg7 b5 59. Kg6 bxc4 60. Rg8#
1-0

[Event "We start in 2009. When do we finish?"]
[Site "SchemingMind.com"]
[Date "2010.01.21"]
[Round "-"]
[White "kwabena"]
[Black "echecs"]
[Result "0-1"]
[WhiteCountry "ENG"]
[BlackCountry "ENG"]
[WhiteElo "1588"]
[WhiteRD "73"]
[BlackElo "1710"]
[BlackRD "64"]
[GameID "235691"]

1. d4 g6 2. Bf4 Bg7 3. e3 c6 4. Nf3 Nf6 5. h3 b5 6. a3 O-O 7. b3 Nd5 8. Bg3 Bb7 9. c4 bxc4 10. bxc4 Qa5+
11. Nbd2 Nc3 12. Qb3 Ba6 13. Rc1 Ne4 14. Bd3 Nxg3 15. fxg3 d6 16. O-O Nd7 17. Ne4 Rab8 18. Qa2 d5 19. Nc3 Bh6 20. Kf2 dxc4
21. Be4 Rb3 22. Bxc6 Nb8 23. Qd2 Nxc6 24. g4 Rxa3 25. g5 Bxg5 26. d5 Bf6 27. dxc6 Bxc3 28. Qd7 Ra2+ 29. Kg3 Be5+ 30. Kg4 Rxg2+
31. Kh4 Bf6+
0-1

[Event "We start in 2009. When do we finish?"]
[Site "SchemingMind.com"]
[Date "2010.01.25"]
[Round "-"]
[White "Schaakmaatje"]
[Black "echecs"]
[Result "0-1"]
[WhiteCountry "NED"]
[BlackCountry "ENG"]
[WhiteElo "1715"]
[WhiteRD "50"]
[BlackElo "1748"]
[BlackRD "64"]
[GameID "235692"]

1. e4 e5 2. Nc3 Nc6 3. Bc4 Nf6 4. Nf3 Nxe4 5. Bxf7+ Kxf7 6. Nxe4 d5 7. Neg5+ Kg8 8. d4 h6 9. Nh3 Bg4 10. dxe5 Nxe5
11. Nf4 c6 12. Qe2 Qf6 13. Qxe5 Qf7 14. Qc3 Re8+ 15. Kf1 Bd6 16. Ne2 Kh7 17. h3 Bh5 18. g4 Bg6 19. Nh4 Rhf8 20. Be3 Be4
21. Nf5 Be5 22. Qd2 Bxh1
0-1

[Event "We start in 2009. When do we finish?"]
[Site "SchemingMind.com"]
[Date "2010.01.21"]
[Round "-"]
[White "CRIS PORTI"]
[Black "echecs"]
[Result "1-0"]
[WhiteCountry "ARG"]
[BlackCountry "ENG"]
[WhiteElo "1844"]
[WhiteRD "81"]
[BlackElo "1818"]
[BlackRD "58"]
[GameID "235693"]

1. e4 e5 2. Nf3 Nf6 3. d4 Nxe4 4. Bd3 d5 5. Nxe5 Nd7 6. O-O Nxe5 7. dxe5 Nc5 8. Bf4 Be6 9. a3 Be7 10. b4 Nxd3
11. cxd3 O-O 12. d4 c6 13. Nc3 a6 14. Qf3 f6 15. Qg3 Bf5 16. Rfe1 fxe5 17. Bxe5 Bg6 18. f4 Bh4 19. Qg4 Bxe1 20. Rxe1 Qc8
21. Qg3 Qd7 22. Na4 Qf7 23. Rf1 Bf5 24. Qh4 Qg6 25. Rf3 Bg4 26. Rf1 Be2 27. Re1 Bd3 28. Nc5 Ra7 29. Re3 Bc4 30. Ne4 b5
31. Nf6+ Rxf6 32. Bxf6 Qxf6 33. Re8+ Kf7 34. Qh5+ Qg6 35. Qe5 Qf6 36. Qh5+ Qg6 37. Qe5= Qb1+ 38. Kf2 Qf1+ 39. Kg3 Qd3+ 40. Kg4 h5+
41. Qxh5+ g6 42. Qh8 Qf5+ 43. Kg3 Qd3+ 44. Kh4 g5+ 45. Kg4 Qe2+ 46. Rxe2 Bxe2+ 47. Kxg5 Re7 48. Qf6+ Ke8 49. Qxc6+ Kf8 50. Qc8+ Kg7
51. f5 Rf7 52. Qe6 Bc4 53. f6+ Kg8 54. Qe8+ Rf8 55. Qg6+
1-0